000
00352pab a2200157 454500
008
180718b2005 xxu||||| |||| 00| 0 eng d
100
_a
Ogalo, Habil Slade O
245
_a
Youth power: anti-AIDS mantra
260
_c
2005
300
_a
p.29-31.
362
_a
Dec
650
_a
AIDS
650
_a
Youth
773
_a
Social Welfare
909
_a
68000
999
_c
68000
_d
68000